000 00701cam a2200265 i 4500
001 768714001
003 CO-MdFUSB
005 20240622092724.0
007 ta
008 240622t1947 -uk||||| |||| 00| 0 eng d
040 _cCO-MdFUSB
041 0 _aeng
082 0 4 _224
_a234.3
_bC4441p
100 1 _aChambers, Oswald (1874-1917)
_eautor
245 1 0 _aThe psychology of redemption
_c/ Oswald Chambers
264 1 _aLondon, NW., USA :
_bSimpkin Marshall,
_c[1947]
264 4 _c©1947
300 _a142 Pag
336 _atexto
_btxt
_2rdacontent
337 _2rdamedia
_asin mediación
_bn
338 _2rdacarrier
_avolumen
_bnc
653 _aSoteriología
942 _cBK
945 _aMiguel
999 _c34852
_d34852